[Event "World Chess Olympiad 2018"]
[Site "Batumi"]
[Date "2018.10.01"]
[Round "7"]
[Board "1"]
[WhiteFideId "1204297"]
[White "Parligras Mircea-Emilian"]
[BlackFideId "8500037"]
[Black "Kigigha Bomo"]
[Result "1-0"]
[LiveChessVersion "1.4.8"]
[BlackElo "2300"]
[WhiteElo "2623"]

1. d4 {[%clk 1:30:56]} d5 {[%clk 1:30:56]} 2. c4 {[%clk 1:31:09]} e6
{[%clk 1:31:24]} 3. Nc3 {[%clk 1:31:30]} Be7 {[%clk 1:30:46]} 4. Bf4
{[%clk 1:31:27]} Nf6 {[%clk 1:30:03]} 5. e3 {[%clk 1:31:19]} O-O {[%clk 1:29:27]}
6. a3 {[%clk 1:31:09]} c5 {[%clk 1:25:07]} 7. dxc5 {[%clk 1:29:55]} Bxc5
{[%clk 1:25:25]} 8. cxd5 {[%clk 1:28:10]} exd5 {[%clk 1:24:52]} 9. Nf3
{[%clk 1:26:46]} Nc6 {[%clk 1:21:31]} 10. Be2 {[%clk 1:24:08]} a6
{[%clk 1:16:00]} 11. Qc2 {[%clk 1:18:36]} Bd6 {[%clk 1:05:58]} 12. Bg5
{[%clk 1:17:47]} Be6 {[%clk 1:06:13]} 13. Rd1 {[%clk 1:14:35]} Be7
{[%clk 1:06:15]} 14. O-O {[%clk 1:13:44]} Qa5 {[%clk 1:04:10]} 15. Nd4
{[%clk 1:07:15]} Rac8 {[%clk 1:02:38]} 16. Nf5 {[%clk 0:56:14]} Bd8
{[%clk 0:57:25]} 17. Nd6 {[%clk 0:54:23]} Rc7 {[%clk 0:57:00]} 18. Bf4
{[%clk 0:54:38]} b5 {[%clk 0:49:13]} 19. Bf3 {[%clk 0:43:56]} b4 {[%clk 0:44:59]}
20. axb4 {[%clk 0:44:17]} Nxb4 {[%clk 0:45:23]} 21. Qb1 {[%clk 0:42:15]} Rd7
{[%clk 0:41:39]} 22. Nf5 {[%clk 0:42:20]} Bc7 {[%clk 0:41:17]} 23. Bxc7
{[%clk 0:40:12]} Rxc7 {[%clk 0:39:04]} 24. Rd2 {[%clk 0:37:52]} g6
{[%clk 0:35:46]} 25. Nd4 {[%clk 0:38:10]} Bg4 {[%clk 0:35:57]} 26. Qd1
{[%clk 0:35:52]} Bc8 {[%clk 0:32:37]} 27. Nde2 {[%clk 0:29:20]} Bb7
{[%clk 0:30:48]} 28. Rd4 {[%clk 0:29:32]} Re8 {[%clk 0:19:35]} 29. Qb3
{[%clk 0:26:05]} Nc6 {[%clk 0:08:11]} 30. Rf4 {[%clk 0:23:38]} Kg7
{[%clk 0:08:29]} 31. Rxf6 {[%clk 0:20:41]} Kxf6 {[%clk 0:08:57]} 32. Nxd5+
{[%clk 0:21:04]} Kg7 {[%clk 0:09:24]} 33. Nxc7 {[%clk 0:21:26]} Qxc7
{[%clk 0:09:49]} 34. Rc1 {[%clk 0:21:23]} Rc8 {[%clk 0:04:09]} 35. Bxc6
{[%clk 0:21:18]} Bxc6 {[%clk 0:04:30]} 36. Qc3+ {[%clk 0:21:39]} 1-0

[Event "World Chess Olympiad 2018"]
[Site "Batumi"]
[Date "2018.10.01"]
[Round "7"]
[Board "2"]
[WhiteFideId "8500258"]
[White "Adu Oladapo"]
[BlackFideId "1226380"]
[Black "Deac Bogdan-Daniel"]
[Result "0-1"]
[LiveChessVersion "1.4.8"]
[BlackElo "2594"]
[WhiteElo "2299"]

1. Nf3 {[%clk 1:30:04]} d5 {[%clk 1:30:56]} 2. g3 {[%clk 1:30:06]} g6
{[%clk 1:31:24]} 3. Bg2 {[%clk 1:30:22]} Bg7 {[%clk 1:31:52]} 4. O-O
{[%clk 1:30:39]} e5 {[%clk 1:32:21]} 5. d3 {[%clk 1:30:56]} Ne7 {[%clk 1:32:49]}
6. e4 {[%clk 1:30:01]} O-O {[%clk 1:33:03]} 7. Qe2 {[%clk 1:28:12]} Nbc6
{[%clk 1:32:52]} 8. c3 {[%clk 1:27:33]} a5 {[%clk 1:33:04]} 9. a4
{[%clk 1:27:34]} h6 {[%clk 1:28:16]} 10. Na3 {[%clk 1:24:04]} Be6
{[%clk 1:27:42]} 11. Nh4 {[%clk 1:20:45]} g5 {[%clk 1:17:01]} 12. Nf3
{[%clk 1:20:45]} Qd7 {[%clk 1:13:15]} 13. Re1 {[%clk 1:00:07]} Ng6
{[%clk 1:08:45]} 14. Be3 {[%clk 0:56:25]} Rad8 {[%clk 0:57:15]} 15. Bc5
{[%clk 0:38:42]} Rfe8 {[%clk 0:57:41]} 16. Nb5 {[%clk 0:39:07]} d4
{[%clk 0:51:10]} 17. Rec1 {[%clk 0:29:30]} Rc8 {[%clk 0:49:58]} 18. Ba3
{[%clk 0:21:20]} Red8 {[%clk 0:49:12]} 19. c4 {[%clk 0:18:07]} Nb4
{[%clk 0:48:48]} 20. Bxb4 {[%clk 0:14:45]} axb4 {[%clk 0:48:18]} 21. c5
{[%clk 0:15:13]} Ne7 {[%clk 0:48:35]} 22. Nd2 {[%clk 0:12:19]} Nc6
{[%clk 0:45:51]} 23. Qd1 {[%clk 0:10:47]} Ra8 {[%clk 0:44:13]} 24. Nc4
{[%clk 0:10:17]} Qe7 {[%clk 0:44:31]} 25. Bf3 {[%clk 0:10:34]} Qd7
{[%clk 0:42:59]} 26. Qe1 {[%clk 0:10:11]} Ra6 {[%clk 0:41:04]} 27. Bd1
{[%clk 0:10:39]} Bf8 {[%clk 0:38:13]} 28. Nd2 {[%clk 0:08:37]} Rda8
{[%clk 0:38:06]} 29. b3 {[%clk 0:03:09]} f6 {[%clk 0:37:19]} 30. Rab1
{[%clk 0:01:55]} Na5 {[%clk 0:34:29]} 31. Bf3 {[%clk 0:02:11]} Rc6
{[%clk 0:34:41]} 32. Nc4 {[%clk 0:01:09]} Rxc5 {[%clk 0:33:28]} 33. Nxa5
{[%clk 0:00:54]} Rxa5 {[%clk 0:33:46]} 34. Rxc5 {[%clk 0:01:19]} Bxc5
{[%clk 0:34:13]} 35. Rc1 {[%clk 0:01:22]} b6 {[%clk 0:34:34]} 36. Na3
{[%clk 0:01:23]} bxa3 {[%clk 0:34:33]} 37. b4 {[%clk 0:01:53]} Bxb4
{[%clk 0:34:31]} 38. Qxb4 {[%clk 0:02:22]} Rxa4 {[%clk 0:34:46]} 39. Qd2
{[%clk 0:02:51]} a2 {[%clk 0:33:33]} 40. Qb2 {[%clk 0:33:11]} Qd6
{[%clk 1:03:37]} 41. Ra1 {[%clk 0:31:10]} Qb4 {[%clk 0:58:13]} 0-1

[Event "World Chess Olympiad 2018"]
[Site "Batumi"]
[Date "2018.10.01"]
[Round "7"]
[Board "3"]
[WhiteFideId "1203975"]
[White "Vajda Levente"]
[BlackFideId "8501246"]
[Black "Balogun Oluwafemi"]
[Result "1-0"]
[LiveChessVersion "1.4.8"]
[BlackElo "2275"]
[WhiteElo "2551"]

1. e4 {[%clk 1:30:56]} d6 {[%clk 1:29:42]} 2. d4 {[%clk 1:31:19]} Nf6
{[%clk 1:30:06]} 3. Nc3 {[%clk 1:31:44]} g6 {[%clk 1:29:15]} 4. Nge2
{[%clk 1:31:34]} Bg7 {[%clk 1:29:00]} 5. g3 {[%clk 1:31:56]} O-O {[%clk 1:28:15]}
6. Bg2 {[%clk 1:32:21]} e5 {[%clk 1:26:27]} 7. h3 {[%clk 1:32:43]} c6
{[%clk 1:26:11]} 8. a4 {[%clk 1:33:03]} a5 {[%clk 1:24:57]} 9. O-O
{[%clk 1:32:37]} Na6 {[%clk 1:24:38]} 10. Be3 {[%clk 1:32:10]} Nb4
{[%clk 1:22:29]} 11. f4 {[%clk 1:27:24]} exd4 {[%clk 1:20:20]} 12. Nxd4
{[%clk 1:23:02]} Re8 {[%clk 1:19:10]} 13. Re1 {[%clk 1:14:51]} d5
{[%clk 1:09:14]} 14. e5 {[%clk 1:15:13]} Nd7 {[%clk 1:08:42]} 15. Nce2
{[%clk 1:06:49]} Nb6 {[%clk 1:05:47]} 16. c3 {[%clk 1:00:58]} Nc4
{[%clk 1:04:36]} 17. Bc1 {[%clk 0:59:13]} Na6 {[%clk 1:02:30]} 18. b3
{[%clk 0:55:12]} Nb6 {[%clk 1:00:53]} 19. Ba3 {[%clk 0:55:35]} f6
{[%clk 0:58:54]} 20. exf6 {[%clk 0:55:12]} Qxf6 {[%clk 0:57:03]} 21. Qd2
{[%clk 0:48:35]} Bd7 {[%clk 0:40:51]} 22. g4 {[%clk 0:40:51]} Bf8
{[%clk 0:38:50]} 23. Bxf8 {[%clk 0:39:25]} Rxf8 {[%clk 0:38:20]} 24. Rf1
{[%clk 0:39:40]} Nc5 {[%clk 0:34:34]} 25. f5 {[%clk 0:34:52]} Qg7
{[%clk 0:09:09]} 26. Ng3 {[%clk 0:28:08]} Rae8 {[%clk 0:08:13]} 27. Rae1
{[%clk 0:28:07]} Rxe1 {[%clk 0:06:15]} 28. Rxe1 {[%clk 0:28:28]} Nc8
{[%clk 0:06:24]} 29. Qe3 {[%clk 0:22:54]} b6 {[%clk 0:03:41]} 30. c4
{[%clk 0:20:04]} dxc4 {[%clk 0:02:46]} 31. Nxc6 {[%clk 0:16:03]} Bxc6
{[%clk 0:02:10]} 32. Bxc6 {[%clk 0:16:24]} cxb3 {[%clk 0:02:26]} 33. Bd5+
{[%clk 0:15:09]} Kh8 {[%clk 0:02:51]} 34. g5 {[%clk 0:15:32]} Nd6
{[%clk 0:00:41]} 35. f6 {[%clk 0:14:32]} Qd7 {[%clk 0:01:08]} 36. Kh2
{[%clk 0:09:49]} Nf5 {[%clk 0:00:55]} 37. Nxf5 {[%clk 0:09:16]} Qxd5
{[%clk 0:00:32]} 38. Qe7 {[%clk 0:09:07]} Qg8 {[%clk 0:00:32]} 39. Nh6
{[%clk 0:08:08]} 1-0

[Event "World Chess Olympiad 2018"]
[Site "Batumi"]
[Date "2018.10.01"]
[Round "7"]
[Board "4"]
[WhiteFideId "8504580"]
[White "Anwuli Daniel"]
[BlackFideId "1211668"]
[Black "Chirila Ioan-Cristian"]
[Result "0-1"]
[LiveChessVersion "1.4.8"]
[BlackElo "2576"]
[WhiteElo "2267"]

1. c4 {[%clk 1:30:33]} Nf6 {[%clk 1:30:49]} 2. g3 {[%clk 1:30:17]} g6
{[%clk 1:30:58]} 3. Bg2 {[%clk 1:30:44]} d5 {[%clk 1:31:23]} 4. cxd5
{[%clk 1:31:09]} Nxd5 {[%clk 1:31:47]} 5. Nc3 {[%clk 1:31:35]} Nxc3
{[%clk 1:31:54]} 6. bxc3 {[%clk 1:30:29]} Bg7 {[%clk 1:32:12]} 7. h4
{[%clk 1:30:28]} Nc6 {[%clk 1:22:36]} 8. Rb1 {[%clk 1:27:52]} Qd7
{[%clk 1:15:40]} 9. Qa4 {[%clk 1:27:04]} Nd8 {[%clk 1:13:30]} 10. Qb4
{[%clk 1:23:51]} Qd6 {[%clk 1:12:40]} 11. Ba3 {[%clk 1:17:55]} Qxb4
{[%clk 1:11:51]} 12. Bxb4 {[%clk 1:16:45]} Bf5 {[%clk 1:11:45]} 13. Rb2
{[%clk 1:16:17]} Rc8 {[%clk 1:10:54]} 14. a4 {[%clk 1:13:45]} Bd7
{[%clk 1:08:59]} 15. a5 {[%clk 1:09:40]} Nc6 {[%clk 1:09:05]} 16. Nf3
{[%clk 1:08:35]} e5 {[%clk 1:03:21]} 17. O-O {[%clk 1:06:32]} e4 {[%clk 1:01:19]}
18. Ne1 {[%clk 1:06:29]} f5 {[%clk 1:01:14]} 19. f3 {[%clk 0:33:35]} e3
{[%clk 0:42:28]} 20. d4 {[%clk 0:17:05]} Nxb4 {[%clk 0:40:18]} 21. Rxb4
{[%clk 0:17:27]} b6 {[%clk 0:40:42]} 22. axb6 {[%clk 0:11:18]} cxb6
{[%clk 0:37:28]} 23. Rb3 {[%clk 0:11:38]} Be6 {[%clk 0:13:18]} 24. Ra3
{[%clk 0:12:00]} a5 {[%clk 0:13:15]} 25. Nd3 {[%clk 0:04:28]} Bf8
{[%clk 0:12:52]} 26. Raa1 {[%clk 0:04:30]} Rxc3 {[%clk 0:12:39]} 27. Rfb1
{[%clk 0:04:32]} Bb3 {[%clk 0:11:50]} 28. Nc1 {[%clk 0:03:26]} Bc4
{[%clk 0:12:18]} 29. Rxb6 {[%clk 0:03:23]} Kf7 {[%clk 0:08:38]} 30. Rc6
{[%clk 0:01:12]} Bb4 {[%clk 0:07:20]} 31. Na2 {[%clk 0:00:46]} Bxa2
{[%clk 0:07:26]} 32. Rxa2 {[%clk 0:01:15]} Rxc6 {[%clk 0:07:47]} 0-1

[Event "World Chess Olympiad 2018"]
[Site "Batumi"]
[Date "2018.10.01"]
[Round "7"]
[Board "1"]
[WhiteFideId "3507416"]
[White "Bacallao Alonso Yusnel"]
[BlackFideId "208078"]
[Black "Godart Francois"]
[Result "1/2-1/2"]
[LiveChessVersion "1.4.8"]
[BlackElo "2431"]
[WhiteElo "2588"]

1. Nf3 {[%clk 1:30:51]} d5 {[%clk 1:30:54]} 2. g3 {[%clk 1:31:09]} Nf6
{[%clk 1:30:59]} 3. Bg2 {[%clk 1:31:31]} c5 {[%clk 1:30:34]} 4. c4
{[%clk 1:30:54]} d4 {[%clk 1:30:15]} 5. e3 {[%clk 1:31:12]} Nc6 {[%clk 1:29:56]}
6. exd4 {[%clk 1:31:33]} cxd4 {[%clk 1:30:22]} 7. O-O {[%clk 1:31:50]} e6
{[%clk 1:29:13]} 8. d3 {[%clk 1:32:11]} h6 {[%clk 1:29:13]} 9. Bf4
{[%clk 1:32:30]} Bd6 {[%clk 1:25:57]} 10. Bxd6 {[%clk 1:32:49]} Qxd6
{[%clk 1:26:24]} 11. Nbd2 {[%clk 1:33:14]} O-O {[%clk 1:26:03]} 12. a3
{[%clk 1:33:38]} a5 {[%clk 1:26:04]} 13. Rc1 {[%clk 1:34:02]} Nd7
{[%clk 1:16:58]} 14. Ne4 {[%clk 1:34:25]} Qe7 {[%clk 1:17:09]} 15. Qc2
{[%clk 1:34:46]} a4 {[%clk 1:05:19]} 16. Nh4 {[%clk 1:32:46]} g5 {[%clk 0:42:25]}
17. Nf3 {[%clk 1:32:52]} Ra5 {[%clk 0:42:31]} 18. Rce1 {[%clk 1:12:21]} b6
{[%clk 0:39:19]} 19. h4 {[%clk 0:55:01]} g4 {[%clk 0:35:54]} 20. Nh2
{[%clk 0:55:00]} Nce5 {[%clk 0:35:23]} 21. Qe2 {[%clk 0:45:07]} f5
{[%clk 0:30:40]} 22. Nd2 {[%clk 0:45:29]} Qg7 {[%clk 0:26:57]} 23. b4
{[%clk 0:43:04]} axb3 {[%clk 0:24:11]} 24. Nxb3 {[%clk 0:43:24]} f4
{[%clk 0:22:27]} 25. Be4 {[%clk 0:39:37]} Rxa3 {[%clk 0:21:04]} 26. Nxd4
{[%clk 0:38:51]} Nf3+ {[%clk 0:20:30]} 27. Bxf3 {[%clk 0:33:55]} gxf3
{[%clk 0:19:52]} 28. Qxe6+ {[%clk 0:33:54]} Kh8 {[%clk 0:20:08]} 29. Nf5
{[%clk 0:32:02]} Qf6 {[%clk 0:19:21]} 30. Ne7 {[%clk 0:27:31]} fxg3
{[%clk 0:13:46]} 31. Qxf6+ {[%clk 0:26:36]} Rxf6 {[%clk 0:13:52]} 32. fxg3
{[%clk 0:26:58]} Bb7 {[%clk 0:13:25]} 33. Ng4 {[%clk 0:26:09]} Rd6
{[%clk 0:10:47]} 34. Nf5 {[%clk 0:25:16]} Rdxd3 {[%clk 0:09:26]} 35. Re8+
{[%clk 0:23:29]} Kh7 {[%clk 0:09:51]} 36. h5 {[%clk 0:23:13]} Ra2
{[%clk 0:05:41]} 37. Rfe1 {[%clk 0:20:09]} Re2 {[%clk 0:05:58]} 38. R1xe2
{[%clk 0:20:06]} fxe2 {[%clk 0:06:24]} 39. Rxe2 {[%clk 0:20:02]} Bf3
{[%clk 0:06:26]} 40. Re7+ {[%clk 0:50:18]} Kh8 {[%clk 0:36:50]} 41. Nf2
{[%clk 0:49:25]} Rd2 {[%clk 0:35:59]} 42. g4 {[%clk 0:49:14]} Nf6
{[%clk 0:32:16]} 43. Re6 {[%clk 0:48:29]} Nxg4 {[%clk 0:30:44]} 44. Nxg4
{[%clk 0:47:41]} Rg2+ {[%clk 0:31:05]} 45. Kf1 {[%clk 0:47:47]} Rxg4
{[%clk 0:31:30]} 46. Rxh6+ {[%clk 0:47:47]} Kg8 {[%clk 0:31:57]} 47. Rf6
{[%clk 0:48:00]} Rxc4 {[%clk 0:27:38]} 48. Ne7+ {[%clk 0:47:30]} Kg7
{[%clk 0:27:44]} 49. Rxf3 {[%clk 0:47:44]} Kh6 {[%clk 0:26:55]} 50. Kg2
{[%clk 0:32:56]} Kxh5 {[%clk 0:27:07]} 51. Nd5 {[%clk 0:32:53]} Kg5
{[%clk 0:26:51]} 52. Rb3 {[%clk 0:32:42]} Rd4 {[%clk 0:26:39]} 53. Rb5
{[%clk 0:32:55]} Kg4 {[%clk 0:26:07]} 54. Kf2 {[%clk 0:33:02]} Ra4
{[%clk 0:25:39]} 55. Ke3 {[%clk 0:30:30]} Ra3+ {[%clk 0:24:30]} 56. Ke4
{[%clk 0:30:37]} Ra4+ {[%clk 0:24:48]} 57. Ke5 {[%clk 0:30:57]} Ra3
{[%clk 0:24:22]} 58. Rb4+ {[%clk 0:29:31]} Kf3 {[%clk 0:24:25]} 59. Rf4+
{[%clk 0:29:46]} Kg3 {[%clk 0:24:41]} 60. Rb4 {[%clk 0:26:48]} Kf3
{[%clk 0:24:57]} 61. Kf5 {[%clk 0:26:47]} Ra5 {[%clk 0:23:58]} 62. Rb3+
{[%clk 0:27:05]} Ke2 {[%clk 0:24:08]} 63. Ke5 {[%clk 0:26:22]} Ra8
{[%clk 0:24:11]} 64. Nc3+ {[%clk 0:25:04]} Kd2 {[%clk 0:24:06]} 65. Ne4+
{[%clk 0:25:03]} Ke2 {[%clk 0:24:22]} 66. Nd6 {[%clk 0:24:40]} Rd8
{[%clk 0:24:30]} 67. Nc4 {[%clk 0:23:43]} Rh8 {[%clk 0:24:22]} 68. Ne3
{[%clk 0:21:52]} Re8+ {[%clk 0:23:19]} 69. Kf4 {[%clk 0:22:05]} Ra8
{[%clk 0:23:13]} 70. Nd5 {[%clk 0:21:51]} Rf8+ {[%clk 0:23:18]} 71. Ke4
{[%clk 0:22:07]} Re8+ {[%clk 0:23:42]} 72. Kd4 {[%clk 0:22:34]} Rh8
{[%clk 0:24:00]} 73. Nf6 {[%clk 0:22:15]} Rd8+ {[%clk 0:24:04]} 74. Ke4
{[%clk 0:22:37]} Kd2 {[%clk 0:23:59]} 75. Nd5 {[%clk 0:22:45]} Re8+
{[%clk 0:24:18]} 76. Kd4 {[%clk 0:23:11]} Ke2 {[%clk 0:24:29]} 77. Rxb6
{[%clk 0:23:28]} Rd8 {[%clk 0:24:25]} 78. Rf6 {[%clk 0:22:59]} Rd7
{[%clk 0:24:11]} 79. Rf8 {[%clk 0:23:23]} Rd6 {[%clk 0:24:12]} 80. Rf5
{[%clk 0:23:21]} Rd8 {[%clk 0:24:26]} 81. Rf6 {[%clk 0:23:46]} Rd7
{[%clk 0:24:48]} 82. Ke4 {[%clk 0:24:04]} Ra7 {[%clk 0:25:01]} 83. Rb6
{[%clk 0:23:14]} Ra4+ {[%clk 0:25:15]} 84. Ke5 {[%clk 0:23:31]} Ra8
{[%clk 0:25:21]} 85. Rb2+ {[%clk 0:22:37]} Kd3 {[%clk 0:25:16]} 86. Rb3+
{[%clk 0:23:00]} Kc2 {[%clk 0:25:01]} 87. Rh3 {[%clk 0:23:11]} Kd2
{[%clk 0:24:56]} 88. Nf6 {[%clk 0:22:41]} Ra5+ {[%clk 0:25:06]} 89. Kf4
{[%clk 0:23:04]} Ra8 {[%clk 0:25:10]} 90. Ne4+ {[%clk 0:23:24]} Kc2
{[%clk 0:25:35]} 91. Rc3+ {[%clk 0:23:37]} Kb2 {[%clk 0:25:59]} 92. Rc4
{[%clk 0:24:01]} Rf8+ {[%clk 0:25:42]} 93. Ke3 {[%clk 0:24:22]} Re8
{[%clk 0:25:36]} 94. Rc6 {[%clk 0:24:30]} Rh8 {[%clk 0:25:09]} 95. Nf2
{[%clk 0:24:38]} Re8+ {[%clk 0:25:28]} 96. Kd2 {[%clk 0:25:00]} Rd8+
{[%clk 0:25:01]} 97. Nd3+ {[%clk 0:25:19]} Kb3 {[%clk 0:25:25]} 98. Rc7
{[%clk 0:25:24]} Rh8 {[%clk 0:25:23]} 99. Nf4 {[%clk 0:22:17]} Rd8+
{[%clk 0:25:30]} 100. Ke3 {[%clk 0:22:39]} Rh8 {[%clk 0:24:51]} 101. Kd3
{[%clk 0:21:25]} Rd8+ {[%clk 0:25:15]} 102. Ke4 {[%clk 0:21:48]} Rh8
{[%clk 0:25:31]} 103. Rc6 {[%clk 0:21:57]} Rh4 {[%clk 0:25:31]} 104. Ke3
{[%clk 0:22:04]} Rh8 {[%clk 0:25:50]} 105. Nd5 {[%clk 0:22:12]} Rh3+
{[%clk 0:26:03]} 106. Kd4 {[%clk 0:22:37]} Rh4+ {[%clk 0:26:28]} 107. Kd3
{[%clk 0:23:03]} Rh3+ {[%clk 0:26:49]} 108. Ne3 {[%clk 0:23:31]} Kb4
{[%clk 0:27:09]} 109. Rc1 {[%clk 0:23:58]} Rh8 {[%clk 0:26:57]} 110. Nd5+
{[%clk 0:23:48]} Kb5 {[%clk 0:27:19]} 111. Nf6 {[%clk 0:23:50]} Rd8+
{[%clk 0:27:14]} 112. Ke4 {[%clk 0:24:14]} Kb4 {[%clk 0:26:57]} 113. Nd5+
{[%clk 0:24:29]} Kb3 {[%clk 0:27:21]} 114. Rc3+ {[%clk 0:24:06]} Kb2
{[%clk 0:27:42]} 115. Rc5 {[%clk 0:24:19]} Kb3 {[%clk 0:25:24]} 116. Kd3
{[%clk 0:24:26]} Rb8 {[%clk 0:24:01]} 117. Rc7 {[%clk 0:23:23]} Kb2
{[%clk 0:23:54]} 118. Rc6 {[%clk 0:23:23]} Rb3+ {[%clk 0:23:58]} 119. Nc3
{[%clk 0:23:10]} Rb8 {[%clk 0:24:12]} 120. Ne4 {[%clk 0:23:35]} Rb3+
{[%clk 0:24:11]} 121. Kd2 {[%clk 0:23:51]} Rh3 {[%clk 0:23:37]} 122. Nf2
{[%clk 0:24:10]} Rh2 {[%clk 0:23:25]} 123. Rb6+ {[%clk 0:24:33]} Ka3
{[%clk 0:23:24]} 124. Kc3 {[%clk 0:24:58]} Ka4 {[%clk 0:23:49]} 125. Ne4
{[%clk 0:25:11]} Ka5 {[%clk 0:24:08]} 126. Rb1 {[%clk 0:25:28]} Rh6
{[%clk 0:24:11]} 127. Kc4 {[%clk 0:25:44]} 1/2-1/2

[Event "World Chess Olympiad 2018"]
[Site "Batumi"]
[Date "2018.10.01"]
[Round "7"]
[Board "2"]
[WhiteFideId "1024523"]
[White "Beukema Stefan"]
[BlackFideId "3503321"]
[Black "Gonzalez Vidal Yuri"]
[Result "1-0"]
[LiveChessVersion "1.4.8"]
[BlackElo "2566"]
[WhiteElo "2396"]

1. f4 {[%clk 1:29:42]} Nf6 {[%clk 1:29:39]} 2. Nf3 {[%clk 1:29:51]} g6
{[%clk 1:29:16]} 3. g3 {[%clk 1:29:32]} b6 {[%clk 1:28:36]} 4. Bg2
{[%clk 1:29:12]} Bb7 {[%clk 1:28:46]} 5. d3 {[%clk 1:29:06]} d5 {[%clk 1:28:39]}
6. O-O {[%clk 1:29:08]} Bg7 {[%clk 1:28:51]} 7. Qe1 {[%clk 1:28:28]} Na6
{[%clk 1:09:46]} 8. h3 {[%clk 1:21:40]} O-O {[%clk 1:08:30]} 9. g4
{[%clk 1:22:03]} e6 {[%clk 1:01:24]} 10. Na3 {[%clk 1:17:04]} Nc5
{[%clk 0:59:19]} 11. Be3 {[%clk 1:09:12]} Qe7 {[%clk 0:52:08]} 12. Qh4
{[%clk 0:58:06]} Rae8 {[%clk 0:50:11]} 13. Nb5 {[%clk 0:52:14]} a6
{[%clk 0:45:03]} 14. Nc3 {[%clk 0:52:11]} Ncd7 {[%clk 0:43:57]} 15. Bf2
{[%clk 0:52:15]} e5 {[%clk 0:25:46]} 16. fxe5 {[%clk 0:31:21]} Nxe5
{[%clk 0:26:08]} 17. Nxe5 {[%clk 0:29:18]} Qxe5 {[%clk 0:26:24]} 18. Kh1
{[%clk 0:28:13]} c5 {[%clk 0:12:40]} 19. Rae1 {[%clk 0:26:08]} Qe6
{[%clk 0:12:14]} 20. Bg3 {[%clk 0:23:35]} Bc6 {[%clk 0:11:39]} 21. e3
{[%clk 0:22:41]} d4 {[%clk 0:10:32]} 22. Nd1 {[%clk 0:21:23]} Bxg2+
{[%clk 0:09:48]} 23. Kxg2 {[%clk 0:21:46]} Nd5 {[%clk 0:07:45]} 24. e4
{[%clk 0:18:04]} Nb4 {[%clk 0:08:07]} 25. Re2 {[%clk 0:18:06]} c4
{[%clk 0:05:58]} 26. Nf2 {[%clk 0:15:00]} Rc8 {[%clk 0:06:14]} 27. g5
{[%clk 0:14:13]} cxd3 {[%clk 0:06:14]} 28. cxd3 {[%clk 0:14:25]} Rc2
{[%clk 0:05:12]} 29. Rfe1 {[%clk 0:13:28]} Rfc8 {[%clk 0:04:40]} 30. a3
{[%clk 0:13:05]} Rxe2 {[%clk 0:03:38]} 31. Rxe2 {[%clk 0:13:22]} Nc2
{[%clk 0:03:46]} 32. Ng4 {[%clk 0:13:02]} Ne3+ {[%clk 0:02:56]} 33. Nxe3
{[%clk 0:13:28]} dxe3 {[%clk 0:03:21]} 34. Qf4 {[%clk 0:13:56]} Bd4
{[%clk 0:02:06]} 35. e5 {[%clk 0:12:43]} Qd5+ {[%clk 0:02:10]} 36. Qf3
{[%clk 0:13:07]} Qb3 {[%clk 0:02:06]} 37. Qe4 {[%clk 0:13:05]} Qd1
{[%clk 0:01:59]} 38. Re1 {[%clk 0:12:09]} Qd2+ {[%clk 0:01:57]} 39. Kf3
{[%clk 0:11:38]} Qxb2 {[%clk 0:01:53]} 40. e6 {[%clk 0:42:03]} Bc5
{[%clk 0:31:27]} 41. exf7+ {[%clk 0:39:23]} Kf8 {[%clk 0:29:03]} 42. Qe6
{[%clk 0:32:09]} Rd8 {[%clk 0:16:44]} 43. Rxe3 {[%clk 0:32:08]} Qb5
{[%clk 0:17:07]} 44. d4 {[%clk 0:20:33]} Qf1+ {[%clk 0:02:04]} 45. Bf2
{[%clk 0:19:16]} Qd1+ {[%clk 0:02:26]} 46. Kg2 {[%clk 0:19:38]} Qxd4
{[%clk 0:02:45]} 47. Qe8+ {[%clk 0:20:03]} Kg7 {[%clk 0:03:10]} 48. f8=Q+
{[%clk 0:20:27]} Bxf8 {[%clk 0:03:34]} 49. Re7+ {[%clk 0:20:53]} 1-0

[Event "World Chess Olympiad 2018"]
[Site "Batumi"]
[Date "2018.10.01"]
[Round "7"]
[Board "3"]
[WhiteFideId "3507165"]
[White "Ortiz Suarez Isan Reynaldo"]
[BlackFideId "240990"]
[Black "Dardha Daniel"]
[Result "0-1"]
[LiveChessVersion "1.4.8"]
[BlackElo "2299"]
[WhiteElo "2527"]

1. Nf3 {[%clk 1:30:56]} Nf6 {[%clk 1:30:13]} 2. c4 {[%clk 1:31:10]} b6
{[%clk 1:29:43]} 3. g3 {[%clk 1:31:32]} Bb7 {[%clk 1:30:09]} 4. Bg2
{[%clk 1:31:52]} g6 {[%clk 1:29:43]} 5. d4 {[%clk 1:32:08]} Bg7 {[%clk 1:30:09]}
6. O-O {[%clk 1:32:27]} O-O {[%clk 1:30:34]} 7. d5 {[%clk 1:32:36]} e6
{[%clk 1:10:13]} 8. Nc3 {[%clk 1:32:43]} exd5 {[%clk 1:09:53]} 9. cxd5
{[%clk 1:33:07]} c5 {[%clk 1:06:00]} 10. Nd2 {[%clk 1:30:38]} d6 {[%clk 1:05:09]}
11. Nc4 {[%clk 1:28:56]} Ba6 {[%clk 0:48:16]} 12. Qb3 {[%clk 1:27:31]} Bxc4
{[%clk 0:48:18]} 13. Qxc4 {[%clk 1:27:55]} a6 {[%clk 0:48:37]} 14. a4
{[%clk 1:11:22]} b5 {[%clk 0:46:02]} 15. Qb3 {[%clk 1:11:45]} b4 {[%clk 0:46:26]}
16. Nd1 {[%clk 1:12:11]} a5 {[%clk 0:44:05]} 17. e4 {[%clk 0:49:58]} Nbd7
{[%clk 0:40:45]} 18. Ne3 {[%clk 0:45:34]} Nb6 {[%clk 0:39:39]} 19. f4
{[%clk 0:39:02]} Re8 {[%clk 0:35:35]} 20. e5 {[%clk 0:30:29]} dxe5
{[%clk 0:35:44]} 21. fxe5 {[%clk 0:28:21]} Rxe5 {[%clk 0:35:37]} 22. Nc4
{[%clk 0:28:47]} Re8 {[%clk 0:24:06]} 23. Bf4 {[%clk 0:21:02]} Nh5
{[%clk 0:21:18]} 24. d6 {[%clk 0:14:09]} Bd4+ {[%clk 0:15:26]} 25. Kh1
{[%clk 0:14:33]} Nxf4 {[%clk 0:09:28]} 26. Nxb6 {[%clk 0:12:14]} Nxg2
{[%clk 0:04:53]} 27. Rxf7 {[%clk 0:09:45]} c4 {[%clk 0:03:00]} 28. Qxc4
{[%clk 0:04:42]} Ne3 {[%clk 0:03:26]} 29. Qb3 {[%clk 0:00:48]} Kh8
{[%clk 0:03:51]} 30. Nd7 {[%clk 0:00:32]} Ra7 {[%clk 0:03:17]} 0-1